[Event "Baunatal op 8th"]
[Site "Baunatal"]
[Date "2002.08.11"]
[Round "6"]
[White "Hoelting, Siegfried"]
[Black "Netter, Stefan"]
[Result "1-0"]
[WhiteElo "1784"]
[BlackElo "1608"]
[PlyCount "69"]
[EventDate "2002.08.09"]
[EventType "swiss"]
[EventRounds "7"]
[EventCountry "GER"]
[SourceTitle "EXT 2003"]
[Source "ChessBase"]
[SourceDate "2002.11.25"]
[SourceVersion "1"]
[SourceVersionDate "2002.11.25"]
[SourceQuality "1"]

1. e4 e5 2. Nf3 d6 3. Nc3 Nf6 4. Bc4 Be7 5. d4 exd4 6. Nxd4 0-0 7. Bb3 Re8 8. 0-0 Bf8 9. Bg5 Nbd7 10. f3 c6 11. Kh1 Qa5 12. Bd2 Qc7 13. Nde2 b6 14. a3 Ba6 15. Re1 Ne5 16. Ng3 g6 17. Bg5 Bg7 18. f4 Neg4 19. Qf3 Nh6 20. Rad1 Kh8 21. h3 Kg8 22. f5 Kh8 23. fxg6 Nd7 24. gxf7 Rf8 25. Qh5 d5 26. Nf5 Nxf5 27. exf5 Nf6 28. Bxf6 Bxf6 29. Re8 Bb7 30. Rde1 Qd6 31. Qh6 Be5 32. Re6 Qc7 33. R6xe5 Qxf7 34. Re7 Qxf5 35. Qg7# 1-0